Auta i ich podzespoły - Statystyki

Ogólne statystyki
  • Ten quiz został rozwiązany 1 139 razy
  • Średni wynik to 6 z 8
Statystyki odpowiedzi
Podpowiedź Odpowiedź % Poprawnych
Marka ta sprzedaje samochody z napędem quattro Audi
98%
Rozwinięcie nazwy tej marki to Bawarskie zakłady silnikowe BMW
97%
o jakiej marce jest ten wierszyk: Król i książę polskiej wsi, Golf i Passat TDI? Volkswagen
93%
Mają siedzibę w Maranello? Ferrari
70%
Silniki Vtec pochodzą z? Honda
70%
jaka marka wygrała le mans w 1966 roku? Ford
55%
jaka marka należy do toyoty? Lexus
54%
Polska marka produkująca super samochody to? Arrinera
22%
Nie znaleziono quizów pasujących do podanych kryteriów
Rozkład punktacji
Procent ludzi z każdym wynikiem
Percentyl według liczby udzielonych odpowiedzi
Twoja historia wyników
Nie rozwiązałeś tego quizu